000 00852nam a2200205Ia 4500
005 20260121110122.0
008 008 260114s9999 xx 000 0 hin d
020 _a9788132300038
037 _aEBOOK
040 _aCRL
_bhin
_cCRL
041 _ahin
_2hin
084 _qCRL
100 _aप्रदीप शर्मा / Pradeep Sharma
_9942273
245 0 _aआधुनिक विश्व का इतिहास (राष्ट्र संघ से संयुक्त राष्ट्र संघ के निर्माण तक) / Aadhunik Vishv ka Itihas (Rashtra Sangh se Sanyukt Rashtra Sangh ke Nirman tak)
260 _bभाषा प्रकाशन / Bhasha Prakashan
_c2020
856 _uhttps://bhashaprakashan.com/product-details/377402
942 _cEBOOK
999 _c1533938
_d1533938